| 000 | 00529nam a22001577a 4500 | ||
|---|---|---|---|
| 003 | OSt | ||
| 005 | 20150912135821.0 | ||
| 008 | 150912b xxu||||| |||| 00| 0 eng d | ||
| 040 | _cRUA | ||
| 082 | _aAGR ពិន 1996 BOO17 Or.1 | ||
| 100 |
_9325 _aពិន ប៉ូលី |
||
| 245 | _aដំណាំកៅស៊ូជាលក្ខណៈគ្រួសារ នៅស្រុកមេមត់ ខេត្តកំពង់ចាម | ||
| 260 |
_aphnom phen _bRUA _c1996 |
||
| 300 |
_a36p. _bill. _c29cm. |
||
| 942 |
_2ddc _cAGR |
||
| 999 |
_c304 _d304 |
||